Statistiques concernant Origine des 5 entreprises leaders par secteur

Cliquez ici pour prendre le quiz!

Statistiques générales

  • Ce quiz a été pris 45 fois
  • Le résultat moyen est 161 sur 279

Statistiques - réponses

SecteurRangNomPays% Correct
Aéronautique, aérospatiale & Défense5BoeingEtats-Unis
93%
Boissons non alcoolisées1Coca Cola CompanyEtats-Unis
88%
Bâtiment, construction & travaux publics2Bouygues ConstructionFrance
88%
Bâtiment, construction & travaux publics1VinciFrance
88%
Boissons non alcoolisées2PepsiCoEtats-Unis
86%
Boissons non alcoolisées3Monster Beverage CorpEtats-Unis
86%
Boissons non alcoolisées5Fomento Economico MexicanoMexique
86%
Constructeurs d'automobiles commerciales1VolkswagenAllemagne
84%
Bâtiment, construction & travaux publics4China state construction engineeringChine
84%
Electronique grand public3AmazonEtats-Unis
84%
Assurances1UnitedHealthEtats-Unis
84%
Electronique grand public2MicrosoftEtats-Unis
84%
Electronique grand public1AppleEtats-Unis
84%
Boissons non alcoolisées4Keurig Dr PepperEtats-Unis
84%
Electronique grand public4AlphabetEtats-Unis
84%
Assurances5China Life InsuranceChine
81%
Equipements sportifs1NikeEtats-Unis
81%
Fabricants de pneus1MichelinFrance
81%
Electricité1EDFFrance
81%
Cosmétiques1L'OréalFrance
81%
Constructeurs d'automobiles commerciales4PeugeotFrance
81%
Equipements sportifs2AdidasAllemagne
79%
Chocolaterie1MarsEtats-Unis
79%
Aéronautique, aérospatiale & Défense2HoneywellEtats-Unis
79%
Aéronautique, aérospatiale & Défense1Raytheon TechnologiesEtats-Unis
79%
Intelligence artificielle1AppleEtats-Unis
79%
Intelligence artificielle3AlphabetEtats-Unis
79%
Intelligence artificielle5MetaEtats-Unis
79%
Aéronautique, aérospatiale & Défense4Northrop GrummanEtats-Unis
79%
Intelligence artificielle2MicrosoftEtats-Unis
79%
Intelligence artificielle4AmazonEtats-Unis
79%
Aéronautique, aérospatiale & Défense3Lockheed MartinEtats-Unis
79%
Luxe2L'Oréal LuxeFrance
79%
Grande distribution2CarrefourFrance
79%
Grande distribution4AuchanFrance
79%
Chocolaterie2FerreroItalie
79%
Horlogerie2RolexSuisse
79%
Equipement automobile1BoschAllemagne
77%
Compagnies aériennes4Air ChinaChine
77%
Compagnies de transport maritime de marchandises4China Ocean Shipping CompanyChine
77%
Grande distribution1WalmartEtats-Unis
77%
Ordinateurs4AppleEtats-Unis
77%
Equipements sportifs5New BalanceEtats-Unis
77%
Ordinateurs2HPEtats-Unis
77%
Luxe1LVMHFrance
77%
Horlogerie1CartierFrance
77%
Cosmétiques5SephoraFrance
77%
Equipements sportifs3PumaFrance | Allemagne
77%
Compagnies aériennes5China Southern AirlinesChine
74%
Laboratoires pharmaceutiques3Johnson & JohnsonEtats-Unis
74%
Services du numérique2HPEtats-Unis
74%
Services du numérique1MicrosoftEtats-Unis
74%
Restauration2StarbucksEtats-Unis
74%
Alimentaire4McDonald'sEtats-Unis
74%
Restauration1McDonald'sEtats-Unis
74%
Ordinateurs3DellEtats-Unis
74%
Laboratoires pharmaceutiques1PfizerEtats-Unis
74%
Banque2Bank of AmericaEtats-Unis
74%
Transport de courrier et colis1UPSEtats-Unis
74%
Laboratoires pharmaceutiques2AbbVieEtats-Unis
74%
Transport de courrier et colis4La PosteFrance
74%
Transport de courrier et colis2Deutsche Post - DHLAllemagne
72%
Pétrole & gaz1China Petroleum & ChemicalChine
72%
Téléphones portables5XiaomiChine
72%
Services du numérique3IBMEtats-Unis
72%
Produits laitiers3DanoneFrance
72%
Electricité4EngieFrance
72%
Horlogerie3OmegaSuisse
72%
Horlogerie4LonginesSuisse
72%
Horlogerie5Patek PhilippeSuisse
72%
Constructeurs d'automobiles électriques3VolkswagenAllemagne
70%
Constructeurs automobiles3VolkswagenAllemagne
70%
Pétrole & gaz5Saudi AramcoArabie Saoudite
70%
Banque5China Merchants BankChine
70%
Pétrole & gaz2PetroChinaChine
70%
Services du numérique5OracleEtats-Unis
70%
Banque1JPMorgan ChaseEtats-Unis
70%
Assurances3Elevance HealthEtats-Unis
70%
Divertissement2Walt Disney CompanyEtats-Unis
70%
Constructeurs d'automobiles commerciales2CaterpillarEtats-Unis
70%
Bricolage1Home DepotEtats-Unis
70%
Produits laitiers4Dairy Farmers of AmericaEtats-Unis
70%
Equipements sportifs4Under ArmourEtats-Unis
70%
Alimentaire3PepsiCoEtats-Unis
70%
Constructeurs automobiles1TeslaEtats-Unis
70%
Compagnies aériennes1Soutwest AirlinesEtats-Unis
70%
Bricolage2Lowe'sEtats-Unis
70%
Restauration3Chipotle Mexican GrillEtats-Unis
70%
Constructeurs d'automobiles électriques4Renault - Nissan - MitsubishiFrance | Japon
70%
Constructeurs automobiles2ToyotaJapon
70%
Brasserie4China ResourcesChine
67%
Assurances4Ping An InsuranceChine
67%
Téléphones portables1SamsungCorée-du-Sud
67%
Constructeurs d'automobiles électriques1TeslaEtats-Unis
67%
Compagnies aériennes2Delta AirlinesEtats-Unis
67%
Transport de courrier et colis3FedExEtats-Unis
67%
Constructeurs automobiles5General MotorsEtats-Unis
67%
Produits laitiers1LactalisFrance
67%
Divertissement4Altice EuropeFrance / Pays-Bas
67%
Ciment1China National Building MaterialChine
65%
Bricolage5KingfisherEtats-Unis
65%
Bricolage4Sherwin-WilliamsEtats-Unis
65%
Divertissement3Charter CommunicationsEtats-Unis
65%
Luxe4KeringFrance
65%
Luxe3EssilorluxotticaFrance | Italie
65%
Compagnies de transport ferroviaire4East Japan Railway CompanyJapon
65%
Compagnies de transport ferroviaire2Canadian National RailwayCanada
63%
Opérateurs de télécommunication3China MobileChine
63%
Electronique grand public5TencentChine
63%
Téléphones portables2LGCorée-du-Sud
63%
Compagnies de transport ferroviaire1Union PacificEtats-Unis
63%
Fabricants de pneus4Cooper Tire & Rubber CompagnyEtats-Unis
63%
Habillement1NikeEtats-Unis
63%
Brasserie5Molson Coors BrewingEtats-Unis
63%
Pétrole & gaz3ExxonMobilEtats-Unis
63%
Divertissement5CBSEtats-Unis
63%
Chocolaterie3MondelezEtats-Unis
63%
Jeux vidéo1MicrosoftEtats-Unis
63%
Cosmétiques3Procter & GambleEtats-Unis
63%
Banque4Wells FargoEtats-Unis
63%
Bâtiment, construction & travaux publics5D.R. HortonEtats-Unis
63%
Maison d'édition4Penguin Random HouseEtats-Unis
63%
Habillement3ChanelFrance
63%
Maison d'édition5Hachette LivreFrance
63%
Habillement2Louis VuittonFrance
63%
Habillement4GucciItalie
63%
Compagnies de transport ferroviaire3Central Japan Railway CompanyJapon
63%
Boissons Alcoolisées5HeinekenPays-Bas
63%
Brasserie2HeinekenPays-Bas
63%
Alimentaire2NestléSuisse
63%
Produits laitiers2NestléSuisse
63%
Téléphones portables4HisenseChine
60%
Boissons Alcoolisées4Wuliangye YibinChine
60%
Logiciels et programmation2MicrosoftEtats-Unis
60%
Opérateurs de télécommunication5AT & TEtats-Unis
60%
Jeux vidéo4Activision BlizzardEtats-Unis
60%
Logiciels et programmation1AppleEtats-Unis
60%
Logiciels et programmation5AdobeEtats-Unis
60%
Logiciels et programmation3AlphabetEtats-Unis
60%
Fabricant de jouets4NerfEtats-Unis
60%
Chocolaterie5HersheyEtats-Unis
60%
Divertissement1ComcastEtats-Unis
60%
Constructeurs d'automobiles commerciales5DeereEtats-Unis
60%
Equipement médical1Johnson & JohnsonEtats-Unis
60%
Hôtellerie (nombre de chambres)4AccorFrance
60%
Trading5MitsuiJapon
60%
Trading1MitsubishiJapon
60%
Jeux vidéo5NintendoJapon
60%
Trading2ItochuJapon
60%
Trading3MarubeniJapon
60%
Tabac5Japan TobaccoJapon
60%
Trading4Toyota TsushoJapon
60%
Opérateurs de télécommunication4Deutsche TelekomAllemagne
58%
Habillement5AdidasAllemagne
58%
Constructeurs d'automobiles commerciales3DaimlerAllemagne
58%
Ordinateurs1LenovoChine
58%
Téléphones portables3TCL CorporationChine
58%
Hôtellerie (nombre de chambres)2Jinjiang InternationalChine
58%
Produits laitiers5YiliChine
58%
Gestionnaires d'actifs3State Street CorporationEtats-Unis
58%
Fabricant de jouets5FunkoEtats-Unis
58%
Fabricant de jouets3Fisher-PriceEtats-Unis
58%
Opérateurs de télécommunication2ComcastEtats-Unis
58%
Hôtellerie (nombre de chambres)1MarriottEtats-Unis
58%
Chimie5Air productsEtats-Unis
58%
Logiciels et programmation4OracleEtats-Unis
58%
Opérateurs de télécommunication1Verizon CommunicationsEtats-Unis
58%
Machinerie industrielle2John DeereEtats-Unis
58%
Luxe5Estée LauderEtats-Unis
58%
Gestionnaires d'actifs1BlackRockEtats-Unis
58%
Gestionnaires d'actifs2VanguardEtats-Unis
58%
Gestionnaires d'actifs5Bank of New York MellonEtats-Unis
58%
Machinerie industrielle3CNH IndustrialEtats-Unis | Italie
58%
Chimie3Air liquideFrance
58%
Jeux vidéo3SonyJapon
58%
Tabac2British American TobaccoRoyaume-Uni
58%
Constructeurs automobiles4DaimlerAllemagne
56%
Ciment5Jidong Development GroupChine
56%
Production d'uranium4China General Nuclear Power CorporationChine
56%
Alimentaire1MoutaiChine
56%
Machinerie industrielle1CaterpillarEtats-Unis
56%
Equipement médical4Thermo Fisher ScientificEtats-Unis
56%
Electroménager4WhirlpoolEtats-Unis
56%
Cosmétiques4Estée LauderEtats-Unis
56%
Tabac1Philip Morris InternationalEtats-Unis
56%
Hôtellerie (nombre de chambres)3Hilton WorldwideEtats-Unis
56%
Equipement automobile4ZF FriedrichshafenAllemagne
53%
Ciment2Anhui Conch Cement CompanyChine
53%
Boissons Alcoolisées1MoutaiChine
53%
Equipement médical5Danaher CorporationEtats-Unis
53%
Tabac3Altria GroupEtats-Unis
53%
Grande distribution3KrogerEtats-Unis
53%
Pétrole & gaz4Royal Dutch ShellPays-Bas
53%
Fabricants de pneus5GoodyearRoyaume-Uni
53%
Cosmétiques2UnileverRoyaume-Uni | Pays-Bas
53%
Semi conducteurs (télécoms)3SamsungCorée-du-Sud
51%
Outils électriques4KeysightEtats-Unis
49%
Publicité2OmnicomEtats-Unis
49%
Publicité4InterpublicEtats-Unis
49%
Equipement médical3AbbottEtats-Unis
49%
Compagnies de croisière3Royal CaribbeanEtats-Unis
49%
Semi conducteurs (télécoms)5BroadcomEtats-Unis
49%
Compagnies de transport maritime de marchandises3CMA CGMFrance
49%
Grande distribution5TescoRoyaume-Uni
49%
Jeux vidéo2TencentChine
47%
Electroménager3HaierChine
47%
Electroménager2Gree ElectricChine
47%
Electricité5IberdrolaEspagne
47%
Compagnies de croisière4Norwegian Cruise LineEtats-Unis
47%
Semi conducteurs (télécoms)2NVIDIAEtats-Unis
47%
Compagnies de croisière2Carnival CorporationEtats-Unis
47%
Outils électriques1Schneider ElectricFrance
47%
Assurances2AIAHong-Kong | Chine
47%
Publicité5HakuhodoJapon
47%
Alimentaire5UnileverPays-Bas | Royaume-Uni
47%
Laboratoires pharmaceutiques5RocheSuisse
47%
Constructeurs d'automobiles électriques2SAICChine
44%
Constructeurs d'automobiles électriques5BYDChine
44%
Electroménager1Midea ElectricChine
44%
Banque3ICBCChine
44%
Compagnies de transport ferroviaire5MTRChine
44%
Fabricant de jouets1LegoDanemark
44%
Eoliennes4GE Renwable EnergyEtats-Unis | France
44%
Fabricant de jouets2Bandai NamcoJapon
44%
Chocolaterie4MeijiJapon
44%
Maison d'édition1PearsonRoyaume-Uni
44%
Compagnies de transport maritime de marchandises1MSCSuisse | Italie
44%
Publicité3PublicisFrance
42%
Compagnies aériennes3RyanairIrlande
42%
Compagnies de croisière1Mediterranean Shipping CompanySuisse | Italie
42%
Ciment4Heidelberg MaterialsAllemagne
40%
Equipement automobile3ContinentalAllemagne
40%
Brasserie1Anheuser-Busch InBevBelgique
40%
Boissons Alcoolisées2Anheuser-Busch InBevBelgique
40%
Transport de courrier et colis5SF ExpressChine
40%
Chimie2Merck KGaAAllemagne
37%
Fabricants de pneus3Continental AGAllemagne
37%
Outils électriques5NariChine
37%
Maison d'édition2RELXRoyaume-Uni
37%
Laboratoires pharmaceutiques4NovartisSuisse
37%
Restauration4Jardine MathesonHong Kong | Chine
35%
Outils électriques3Techtronic IndustriesHong Kong | Chine
35%
Hôtellerie (nombre de chambres)5IHGRoyaume-Uni
35%
Brasserie3CarlsbergDanemark
33%
Bricolage3AdeoFrance
33%
Gestionnaires d'actifs4AmundiFrance
33%
Equipement automobile2DensoJapon
33%
Eoliennes2Siemens GamesaAllemagne | Espagne
30%
Fabricants de pneus2BridgestoneJapon
30%
Production d'uranium1KazatompromKazakhstan
30%
Restauration5Compass GroupRoyaume-Uni
30%
Eoliennes5Envision EnergyChine
28%
Electricité2EnelItalie
28%
Equipement médical2RocheSuisse
28%
Electricité3EONAllemagne
26%
Compagnies de transport maritime de marchandises2MaerskDanemark
26%
Semi conducteurs (télécoms)1TSMCTaïwan
26%
Machinerie industrielle5Linde AGAllemagne
23%
Maison d'édition3Thomson ReutersCanada
23%
Eoliennes3GoldwindChine
23%
Ciment3HolcimFrance | Suisse
23%
Compagnies de transport maritime de marchandises5Hapag-LloydAllemagne
19%
Production d'uranium2OranoFrance
19%
Bâtiment, construction & travaux publics3Larsen & ToubroInde
19%
Publicité1WPPRoyaume-Uni
19%
Chimie4SabicArabie Saoudite
16%
Boissons Alcoolisées3DiageoRoyaume-Uni
16%
Machinerie industrielle4ABBSuisse
16%
Ordinateurs5AcerTaïwan
16%
Chimie1Linde AGIrlande
14%
Equipement automobile5MagnaCanada
12%
Production d'uranium3Uranium OneCanada
12%
Services du numérique4AccentureIrlande
12%
Semi conducteurs (télécoms)4ASMLPays-Bas
12%
Outils électriques2Eaton CorporationIrlande
9%
Electroménager5ElectroluxSuède
9%
Tabac4ITC LimitedInde
7%
Eoliennes1VestasDanemark
5%
Production d'uranium5NavoiOuzbékistan
5%

Distribution des résultats

Percentile par nombre de réponses

% des personnes avec chaque résultat

Votre développement - résultats

Vous n’avez pas pris ce quiz